000 01014nam a2200229Ia 4500
003 GCL
008 140319s9999 xx 000 0 ara d
020 _a0145775977
040 _aGCL /
_cGCL
082 0 4 _a320.960
_bج د
100 1 _aالجمعية الافريقية للعلوم السياسية
245 1 0 _aمختارات المجلة الافريقية للعلوم السياسية :
_bالدولة الديمقراطية والامن في افريقيا /
_cالجمعية الافريقية للعلوم السياسية
260 _aالقاهرة :
_bبرنامج الدراسات الافريقية المصرية ،
_c2003
300 _a140 ص ؛
_c24 سم
490 _aمختارات المجلة الافريقية للعلوم السياسية
_v0
650 0 4 _aالديمقراطية
650 0 4 _aالدولة
650 0 4 _aالعولمة - افريقيا
650 0 4 _aالصراعات والحروب الاهلية
650 0 4 _aحفظ السلم والامن
942 _2ddc
_cBK
999 _c6073
_d6073